[Event "GER-ch U10 Girls"]
[Site "Willingen"]
[Date "2024.05.22"]
[Round "7"]
[White "Fahim, Lina"]
[Black "Pygoch, Lene"]
[Result "0-1"]
[WhiteElo "744"]
[BlackElo "917"]
[PlyCount "68"]
[EventDate "2024.05.19"]
[EventType "swiss"]
[EventRounds "11"]
[EventCountry "GER"]
[SourceTitle "CBM 220 Extra"]
[Source "ChessBase"]
[SourceDate "2024.07.31"]
[SourceVersion "1"]
[SourceVersionDate "2024.07.31"]
[SourceQuality "1"]

1. e4 e5 2. Nf3 Nc6 3. Bc4 Bc5 4. Nc3 Nf6 5. 0-0 0-0 6. d3 d6 7. Bg5 Bg4 8. Na4 a6 9. a3 b5 10. Bb3 bxa4 11. Bxa4 Nd4 12. Qd2 Nxf3+ 13. gxf3 Bxf3 14. Bb3 Bd4 15. c3 Bb6 16. Ba4 Bg4 17. d4 Bh3 18. Rfe1 Qc8 19. Re3 h6 20. Bh4 Qg4+ 21. Bg3 exd4 22. cxd4 Nh5 23. Qd3 Nf4 24. Qc3 Ne2+ 25. Kh1 Nxc3 26. Rxc3 Bxd4 27. Bd1 Qg5 28. Rf3 Bxb2 29. Rb1 Be5 30. Rc1 Rab8 31. Rc2 Rb7 32. Be2 Rb1+ 33. Rc1 Rxc1+ 34. Bf1 Rxf1# 0-1